[Event "DSIM-Finale"]
[Site "T#645894Emanuel Laske"]
[Date "2020.05.09"]
[Round "10"]
[White "Alex Donchenko"]
[Black "Nikolas Lubbe"]
[Result "0-1"]
[WhiteElo "1697"]
[BlackElo "1620"]
[Annotator "NA RC"]
[PlyCount "124"]
[EventDate "2020.05.09"]
[EventType "tourn (blitz)"]

1. Nf3 {[%emt 0:00:01]} d5 {[%emt 0:00:01]} 2. d4 {[%emt 0:00:01]} Nf6 {[%emt 0:00:01]} 3. c4 {[%emt 0:00:01]} e6 {[%emt 0:00:01]} 4. g3 {[%emt 0:00:00]} dxc4 {[%emt 0:00:03]} 5. Bg2 {[%emt 0:00:01]} Bb4+ {[%emt 0:00:01]} 6. Bd2 {[%emt 0:00:01]} a5 {[%emt 0:00:01]} 7. Qc2 {[%emt 0:00:02]} c6 {[%emt 0:00:03]} 8. Qxc4 {[%emt 0:00:05]} Qd5 {[%emt 0:00:16]} 9. Qc2 {[%emt 0:00:05]} Qe4 {[%emt 0:00:04]} 10. Qc1 {[%emt 0:00:08]} Nd5 {[%emt 0:00:22]} 11. Nc3 {[%emt 0:00:11]} Nxc3 {[%emt 0:00:20]} 12. bxc3 {[%emt 0:00:00]} Be7 {[%emt 0:00:01]} 13. Qb1 {[%emt 0:00:09]} Qxb1+ {[%emt 0:00:09]} 14. Rxb1 {[%emt 0:00:00]} f6 {[%emt 0:00:17]} 15. O-O {[%emt 0:00:09]} O-O {[%emt 0:00:03]} 16. Bf4 {[%emt 0:00:15]} Na6 {[%emt 0:00:05]} 17. Nd2 {[%emt 0:00:03]} g5 {[%emt 0:00:07]} 18. Be3 {[%emt 0:00:01]} Nc7 {[%emt 0:00:01]} 19. Nb3 {[%emt 0:00:45]} a4 {[%emt 0:00:05]} 20. Nc1 {[%emt 0:00:01]} a3 {[%emt 0:00:09]} 21. Bd2 {[%emt 0:00:03]} Ra4 {[%emt 0:00:02]} 22. Nd3 {[%emt 0:00:03]} h6 {[%emt 0:00:06]} 23. Rb3 {[%emt 0:00:04]} Rd8 {[%emt 0:00:03]} 24. Rfb1 {[%emt 0:00:06]} Kg7 {[%emt 0:00:06]} 25. Bc1 {[%emt 0:00:07]} Nb5 {[%emt 0:00:03]} 26. e3 {[%emt 0:00:06]} e5 {[%emt 0:00:06]} 27. Bf1 {[%emt 0:00:21]} Bf5 {[%emt 0:00:12]} 28. Ra1 {[%emt 0:00:06]} Be6 {[%emt 0:00:22]} 29. Rbb1 {[%emt 0:00:01]} Nxc3 {[%emt 0:00:04]} 30. Rxb7 {[%emt 0:00:01]} Rd7 {[%emt 0:00:05]} 31. Rxd7 {[%emt 0:00:05]} Bxd7 {[%emt 0:00:00]} 32. Bd2 {[%emt 0:00:14]} exd4 {[%emt 0:00:01]} 33. exd4 {[%emt 0:00:01]} Nd5 {[%emt 0:00:03]} 34. Rb1 {[%emt 0:00:21]} Rxd4 {[%emt 0:00:06]} 35. Rb7 {[%emt 0:00:01]} Bf5 {[%emt 0:00:04]} 36. Be3 {[%emt 0:00:13]} Rxd3 {[%emt 0:00:06]} 37. Bxd3 {[%emt 0:00:01]} Bxd3 {[%emt 0:00:00]} 38. Bc5 {[%emt 0:00:02]} Kf8 {[%emt 0:00:03]} 39. Bxe7+ {[%emt 0:00:01]} Nxe7 {[%emt 0:00:01]} 40. Ra7 {[%emt 0:00:01]} c5 {[%emt 0:00:01]} 41. Rxa3 {[%emt 0:00:02]} c4 {[%emt 0:00:00]} 42. f3 {[%emt 0:00:03]} Nd5 {[%emt 0:00:02]} 43. Ra5 {[%emt 0:00:02]} Nc3 {[%emt 0:00:13]} 44. Kf2 {[%emt 0:00:04]} Nd1+ {[%emt 0:00:02]} 45. Ke1 {[%emt 0:00:01]} Ne3 {[%emt 0:00:06]} 46. Rc5 {[%emt 0:00:04]} Ke7 {[%emt 0:00:02]} 47. a4 {[%emt 0:00:01]} Kd6 {[%emt 0:00:01]} 48. Rc8 {[%emt 0:00:01]} Nd5 {[%emt 0:00:02]} 49. Kd2 {[%emt 0:00:06]} Bf1 {[%emt 0:00:01]} 50. Ke1 {[%emt 0:00:07]} Bd3 {[%emt 0:00:02]} 51. Kd2 {[%emt 0:00:00]} Nb6 {[%emt 0:00:06]} 52. Rd8+ {[%emt 0:00:13]} Ke7 {[%emt 0:00:03]} 53. Rxd3 {[%emt 0:00:03]} cxd3 {[%emt 0:00:00]} 54. a5 {[%emt 0:00:01]} Nc4+ {[%emt 0:00:01]} 55. Kxd3 {[%emt 0:00:00]} Nxa5 {[%emt 0:00:00]} 56. Ke4 {[%emt 0:00:00]} Ke6 {[%emt 0:00:01]} 57. f4 {[%emt 0:00:00]} f5+ {[%emt 0:00:01]} 58. Ke3 {[%emt 0:00:01]} g4 {[%emt 0:00:01]} 59. Kd4 {[%emt 0:00:00]} Nc6+ {[%emt 0:00:01]} 60. Kc5 {[%emt 0:00:00]} Ne7 {[%emt 0:00:01]} 61. Kd4 {[%emt 0:00:00]} Kd6 {[%emt 0:00:01]} 62. Kc4 {[%emt 0:00:01]} Nc6 {[%emt 0:00:01] Alex Donchenko resigns (Lag: Av=0.36s, max=4.6s)} 0-1

[Event "DSIM-Finale"]
[Site "T#645894Emanuel Laske"]
[Date "2020.05.09"]
[Round "10"]
[White "Luis Engel"]
[Black "Ilja Schneider"]
[Result "1-0"]
[WhiteElo "1620"]
[BlackElo "1620"]
[Annotator "NA RC"]
[PlyCount "97"]
[EventDate "2020.05.09"]
[EventType "tourn (blitz)"]

1. e4 {[%emt 0:00:02]} d6 {[%emt 0:00:01]} 2. d4 {[%emt 0:00:01]} Nf6 {[%emt 0:00:00]} 3. Nc3 {[%emt 0:00:01]} e5 {[%emt 0:00:00]} 4. Nf3 {[%emt 0:00:01]} exd4 {[%emt 0:00:01]} 5. Nxd4 {[%emt 0:00:01]} Be7 {[%emt 0:00:00]} 6. g3 {[%emt 0:00:01]} O-O {[%emt 0:00:01]} 7. Bg2 {[%emt 0:00:01]} Nc6 {[%emt 0:00:00]} 8. O-O {[%emt 0:00:01]} Bg4 {[%emt 0:00:02]} 9. Nde2 {[%emt 0:00:05]} Qc8 {[%emt 0:00:04]} 10. Be3 {[%emt 0:00:09]} Re8 {[%emt 0:00:07]} 11. f3 {[%emt 0:00:05]} Bh3 {[%emt 0:00:01]} 12. Bxh3 {[%emt 0:00:01]} Qxh3 {[%emt 0:00:00]} 13. Nf4 {[%emt 0:00:01]} Qd7 {[%emt 0:00:03]} 14. Kg2 {[%emt 0:00:05]} Ne5 {[%emt 0:00:02]} 15. b3 {[%emt 0:00:07]} Bf8 {[%emt 0:00:07]} 16. Qd2 {[%emt 0:00:03]} Ng6 {[%emt 0:00:06]} 17. Rad1 {[%emt 0:00:10]} c6 {[%emt 0:00:22]} 18. Nxg6 {[%emt 0:00:08]} hxg6 {[%emt 0:00:01]} 19. Rfe1 {[%emt 0:00:01]} Qc7 {[%emt 0:00:11]} 20. a4 {[%emt 0:00:05]} Rad8 {[%emt 0:00:03]} 21. Qd4 {[%emt 0:00:06]} b6 {[%emt 0:00:36]} 22. Qc4 {[%emt 0:00:04]} Qb7 {[%emt 0:00:05]} 23. Bg5 {[%emt 0:00:11]} d5 {[%emt 0:00:18]} 24. exd5 {[%emt 0:00:02]} Rxe1 {[%emt 0:00:01]} 25. Rxe1 {[%emt 0:00:03]} cxd5 {[%emt 0:00:01]} 26. Qd3 {[%emt 0:00:02]} Bb4 {[%emt 0:00:11]} 27. Rd1 {[%emt 0:00:03]} Bxc3 {[%emt 0:00:25]} 28. Qxc3 {[%emt 0:00:02]} Rc8 {[%emt 0:00:03]} 29. Qd3 {[%emt 0:00:03]} Qc6 {[%emt 0:00:01]} 30. Rd2 {[%emt 0:00:05]} Nd7 {[%emt 0:00:09]} 31. Kf1 {[%emt 0:00:14]} Ne5 {[%emt 0:00:10]} 32. Qe3 {[%emt 0:00:06]} Nd7 {[%emt 0:00:14]} 33. Bf4 {[%emt 0:00:07]} Nf8 {[%emt 0:00:05]} 34. Qd3 {[%emt 0:00:05]} Ne6 {[%emt 0:00:01]} 35. Be5 {[%emt 0:00:02]} a5 {[%emt 0:00:06]} 36. Kg2 {[%emt 0:00:06]} Qc5 {[%emt 0:00:03]} 37. h4 {[%emt 0:00:06]} d4 {[%emt 0:00:04]} 38. Re2 {[%emt 0:00:31]} Qb4 {[%emt 0:00:15]} 39. Qe4 {[%emt 0:00:13]} Qc5 {[%emt 0:00:03]} 40. g4 {[%emt 0:00:06]} b5 {[%emt 0:00:01]} 41. axb5 {[%emt 0:00:02]} Qxb5 {[%emt 0:00:00]} 42. Kg3 {[%emt 0:00:01]} a4 {[%emt 0:00:01]} 43. bxa4 {[%emt 0:00:01]} Qxa4 {[%emt 0:00:00]} 44. h5 {[%emt 0:00:04]} gxh5 {[%emt 0:00:02]} 45. gxh5 {[%emt 0:00:00]} Qa1 {[%emt 0:00:01]} 46. Kh2 {[%emt 0:00:02]} Qf1 {[%emt 0:00:04]} 47. Rg2 {[%emt 0:00:03]} Qc1 {[%emt 0:00:08]} 48. Bxg7 {[%emt 0:00:09]} Nxg7 {[%emt 0:00:13]} 49. Qg4 {[%emt 0:00:01] Zeit (Lag: Av=0.60s, max=3.3s)} 1-0

[Event "DSIM-Finale"]
[Site "T#645894Emanuel Laske"]
[Date "2020.05.09"]
[Round "10"]
[White "Rasmus Svane"]
[Black "Matthias Blübaum"]
[Result "1-0"]
[WhiteElo "1620"]
[BlackElo "1620"]
[Annotator "NA RC"]
[PlyCount "113"]
[EventDate "2020.05.09"]
[EventType "tourn (blitz)"]

1. Nf3 {[%emt 0:00:01]} d5 {[%emt 0:00:00]} 2. g3 {[%emt 0:00:01]} Nc6 {[%emt 0:00:00]} 3. d4 {[%emt 0:00:01]} Bf5 {[%emt 0:00:01]} 4. Bg2 {[%emt 0:00:01]} Nb4 {[%emt 0:00:00]} 5. Na3 {[%emt 0:00:01]} e6 {[%emt 0:00:01]} 6. O-O {[%emt 0:00:01]} Be7 {[%emt 0:00:01]} 7. c3 {[%emt 0:00:03]} Nc6 {[%emt 0:00:01]} 8. Qa4 {[%emt 0:00:04]} Qd7 {[%emt 0:00:18]} 9. Re1 {[%emt 0:00:27]} Nf6 {[%emt 0:00:08]} 10. Bg5 {[%emt 0:00:05]} a6 {[%emt 0:00:55]} 11. Nd2 {[%emt 0:00:09]} O-O {[%emt 0:00:21]} 12. Bxf6 {[%emt 0:00:03]} Bxf6 {[%emt 0:00:00]} 13. e4 {[%emt 0:00:01]} b5 {[%emt 0:00:11]} 14. Qd1 {[%emt 0:00:12]} Bg6 {[%emt 0:00:02]} 15. Nc2 {[%emt 0:00:04]} Rad8 {[%emt 0:00:06]} 16. exd5 {[%emt 0:00:06]} exd5 {[%emt 0:00:00]} 17. Ne3 {[%emt 0:00:00]} Ne7 {[%emt 0:00:02]} 18. Ng4 {[%emt 0:00:02]} Qd6 {[%emt 0:00:14]} 19. Nb3 {[%emt 0:00:02]} Rde8 {[%emt 0:00:06]} 20. Nc5 {[%emt 0:00:03]} Bf5 {[%emt 0:00:06]} 21. Qf3 {[%emt 0:00:13]} Bxg4 {[%emt 0:00:08]} 22. Qxg4 {[%emt 0:00:00]} Ng6 {[%emt 0:00:06]} 23. h4 {[%emt 0:00:16]} Re7 {[%emt 0:00:34]} 24. h5 {[%emt 0:00:09]} Rfe8 {[%emt 0:00:01]} 25. Rxe7 {[%emt 0:00:01]} Nxe7 {[%emt 0:00:00]} 26. Re1 {[%emt 0:00:01]} a5 {[%emt 0:00:03]} 27. Bh3 {[%emt 0:00:09]} b4 {[%emt 0:00:04]} 28. Qd7 {[%emt 0:00:26]} Qxd7 {[%emt 0:00:02]} 29. Nxd7 {[%emt 0:00:00]} h6 {[%emt 0:00:11]} 30. Nxf6+ {[%emt 0:00:02]} gxf6 {[%emt 0:00:01]} 31. Bd7 {[%emt 0:00:04]} Rd8 {[%emt 0:00:03]} 32. Rxe7 {[%emt 0:00:01]} Kf8 {[%emt 0:00:01]} 33. Re8+ {[%emt 0:00:29]} Rxe8 {[%emt 0:00:01]} 34. Bxe8 {[%emt 0:00:00]} Kxe8 {[%emt 0:00:07]} 35. cxb4 {[%emt 0:00:01]} axb4 {[%emt 0:00:00]} 36. Kg2 {[%emt 0:00:03]} Kd7 {[%emt 0:00:10]} 37. Kf3 {[%emt 0:00:02]} c5 {[%emt 0:00:06]} 38. dxc5 {[%emt 0:00:02]} Kc6 {[%emt 0:00:00]} 39. Ke3 {[%emt 0:00:06]} Kxc5 {[%emt 0:00:01]} 40. g4 {[%emt 0:00:10]} Kc4 {[%emt 0:00:02]} 41. f4 {[%emt 0:00:01]} d4+ {[%emt 0:00:06]} 42. Kd2 {[%emt 0:00:01]} Kc5 {[%emt 0:00:04]} 43. Kd3 {[%emt 0:00:02]} Kd5 {[%emt 0:00:00]} 44. a3 {[%emt 0:00:02]} bxa3 {[%emt 0:00:00]} 45. bxa3 {[%emt 0:00:00]} Kc5 {[%emt 0:00:01]} 46. g5 {[%emt 0:00:10]} fxg5 {[%emt 0:00:04]} 47. fxg5 {[%emt 0:00:03]} hxg5 {[%emt 0:00:02]} 48. h6 {[%emt 0:00:01]} g4 {[%emt 0:00:00]} 49. h7 {[%emt 0:00:01]} g3 {[%emt 0:00:00]} 50. h8=Q {[%emt 0:00:01]} g2 {[%emt 0:00:00]} 51. Qxd4+ {[%emt 0:00:02]} Kc6 {[%emt 0:00:00]} 52. Qg1 {[%emt 0:00:01]} Kb5 {[%emt 0:00:00]} 53. Qxg2 {[%emt 0:00:01]} Ka4 {[%emt 0:00:00]} 54. Kc4 {[%emt 0:00:02]} f5 {[%emt 0:00:00]} 55. Qd2 {[%emt 0:00:04]} Kxa3 {[%emt 0:00:00]} 56. Qc2 {[%emt 0:00:02]} f4 {[%emt 0:00:01]} 57. Qb3# {[%emt 0:00:01] (Lag: Av=0.23s, max=0.6s)} 1-0

[Event "DSIM-Finale"]
[Site "T#645894Emanuel Laske"]
[Date "2020.05.09"]
[Round "11"]
[White "Roven Vogel"]
[Black "Lizzy Paehtz"]
[Result "1-0"]
[WhiteElo "2465"]
[BlackElo "2427"]
[Annotator "TA"]
[PlyCount "57"]
[EventDate "2020.05.09"]
[EventType "tourn (blitz)"]

{[%evp 11,57,45,50,42,42,39,36,37,51,41,51,45,49,22,39,0,0,0,0,-27,-18,-15,-16,-21,0,0,11,0,0,0,0,0,0,0,710,678,2668,2469,2469,2356,2255,2320,29987,29986,29991,5137,29993,1054]} 1. d4 e6 2. Nf3 b6 3. e4 Bb7 4. Bd3 Nf6 5. Qe2 d5 6. e5 Ne4 7. Nbd2 {B00: Queen's Fianchetto Defence, Nimzowitsch Defence.} Nxd2 8. Bxd2 c5 9. c3 {White is slightly better.} Nc6 10. O-O Be7 11. a3 {[%cal Ba2a3,Ba3a4,Ba4b5][%mdl 32]} a5 12. a4 O-O {[#]} 13. g3 $146 ({Predecessor:} 13. Rac1 h6 14. Bb1 Ba6 15. Bd3 Bxd3 16. Qxd3 Qd7 17. Qb5 c4 18. b3 cxb3 19. Qxb3 {0-1 (51) Garcia Gallardo,V (1767)-Rodriguez Regull,G (1944) Barcelona 2019}) 13... Qc8 14. Bb5 Ba6 15. Rac1 Bxb5 16. axb5 Na7 17. c4 Qd7 18. Rfd1 dxc4 19. dxc5 Bxc5 20. Qxc4 Qxb5 21. Qg4 $1 $36 {[%mdl 2048] Bh6! is the strong threat. White has some pressure.} Rfd8 ({Much worse is} 21... Qxb2 $6 {[#]} 22. Bh6 $1 $16 {[%mdl 512]}) 22. Ng5 $1 {aiming for Qh5.} Rd7 $2 {[%mdl 8192]} ({Don't go for} 22... Qxb2 $2 23. Qh5 $18) (22... h6 $11 23. Ne4 Qxb2) 23. Qe4 $1 $18 {[%csl LRa8,LRh7][%mdl 64] [#] Double Attack} Rad8 {Strongly threatening ...Qd3.} 24. Qxh7+ Kf8 25. Qh8+ Ke7 26. Qxg7 {[%csl Gg5][%cal Rg7f7]} Bxf2+ 27. Kg2 {[%csl Gg5][%cal Rg7f7]} Rf8 28. Ne4 (28. Nh7 $142 Qc6+ 29. Rxc6 Rd3 30. Rc7+ {[%mdl 64] Double Attack} Kd8 31. Rxa7 Bc5 32. Nxf8 Kc8 33. Qxf7 Be7 34. Qxe6+ {[%mdl 64] Double Attack} Kd8 35. Qxe7+ Kc8 36. Qc7#) 28... Qd5 29. Bg5+ {[%mdl 64] Discovered Attack. Accuracy: White = 76%, Black = 67%.} 1-0

[Event "DSIM-Finale"]
[Site "T#645894Emanuel Laske"]
[Date "2020.05.09"]
[Round "11"]
[White "Daniel Hausrath"]
[Black "Georg Meier"]
[Result "1/2-1/2"]
[WhiteElo "1620"]
[BlackElo "2555"]
[Annotator "TA"]
[PlyCount "67"]
[EventDate "2020.05.09"]
[EventType "tourn (blitz)"]

{[%evp 9,67,14,22,10,9,-5,8,-6,0,-10,-12,-5,0,0,0,0,-1,8,2,0,8,7,3,13,8,10,31,26,39,0,0,10,7,0,28,0,17,-31,-25,-27,-29,-28,0,-18,0,0,0,0,0,0,0,0,0,0,0,0,0,0,0,0]} 1. Nf3 d5 2. g3 Bg4 3. Bg2 e6 4. d4 Nf6 5. O-O Be7 6. Nbd2 {D02: 1 d4 d5 2 Nf3 sidelines, including 2...Nf6 3 g3 and 2...Nf6 3 Bf4.} h6 7. Re1 Bf5 {[#]} 8. c3 $146 ({Predecessor:} 8. b3 O-O 9. Bb2 c5 10. Ne5 cxd4 11. Bxd4 Nc6 12. Nxc6 bxc6 13. e4 Bg4 14. Qc1 {½-½ (22) Giemsa,S (2295)-Zierke,O (2315) Berlin 1999}) 8... O-O 9. Qb3 Qc8 10. Ne5 c5 (10... a5 {feels hotter.} 11. e4 a4 12. Qd1 Nxe4 13. Nxe4 dxe4 14. Bf4 Nd7) 11. e4 dxe4 12. Nxe4 Nxe4 13. Bxe4 Bxe4 14. Rxe4 Nd7 15. Nxd7 Qxd7 16. Be3 b6 17. dxc5 bxc5 18. Rd1 Qc8 19. Bf4 Rd8 20. Rxd8+ Qxd8 21. Qb7 Bf8 22. c4 a5 23. a4 Qd1+ 24. Kg2 Rd8 {...g5 is the strong threat.} 25. Bc7 Rd7 26. Qc6 $1 {The position is equal.} Rd4 (26... Rd2 {is interesting.} 27. Qe8 Qb3 28. Bxa5 Rxb2 29. Qd7 g5) 27. Bxa5 {Black should prevent Re1.} Rxe4 ({Worse is} 27... Rd3 28. Re1 $16) 28. Qxe4 Qxa4 29. Bc3 Qa6 30. h4 Be7 31. Qg4 {[%csl Gc3][%cal Rg4g7] [#]} Bf8 32. Qe4 Qc8 33. Qf3 Qa6 34. Qe4 {Accuracy: White = 87%, Black = 100%.} 1/2-1/2

[Event "DSIM-Finale"]
[Site "T#645894Emanuel Laske"]
[Date "2020.05.09"]
[Round "11"]
[White "Ilja Schneider"]
[Black "Rasmus Svane"]
[Result "0-1"]
[WhiteElo "1620"]
[BlackElo "1620"]
[Annotator "NA RC"]
[PlyCount "74"]
[EventDate "2020.05.09"]
[EventType "tourn (blitz)"]
[TimeControl "180+2"]

1. d4 {[%emt 0:00:02]} d5 {[%emt 0:00:02]} 2. c4 {[%emt 0:00:01]} e6 {[%emt 0:00:01]} 3. Nf3 {[%emt 0:00:01]} Nf6 {[%emt 0:00:01]} 4. e3 {[%emt 0:00:00]} b6 {[%emt 0:00:06]} 5. b3 {[%emt 0:00:03]} Bb7 {[%emt 0:00:01]} 6. Bb2 {[%emt 0:00:01]} Bd6 {[%emt 0:00:01]} 7. Bd3 {[%emt 0:00:01]} O-O {[%emt 0:00:01]} 8. O-O {[%emt 0:00:00]} Nbd7 {[%emt 0:00:01]} 9. Nc3 {[%emt 0:00:05]} a6 {[%emt 0:00:01]} 10. Rc1 {[%emt 0:00:02]} Qe7 {[%emt 0:00:01]} 11. Na4 {[%emt 0:00:12]} dxc4 {[%emt 0:00:05]} 12. bxc4 {[%emt 0:00:03]} Ne4 {[%emt 0:00:08]} 13. c5 {[%emt 0:00:14]} bxc5 {[%emt 0:00:04]} 14. Qc2 {[%emt 0:00:02]} f5 {[%emt 0:00:05]} 15. Ne5 {[%emt 0:00:55]} cxd4 {[%emt 0:00:10]} 16. exd4 {[%emt 0:00:03]} Rac8 {[%emt 0:00:26]} 17. f3 {[%emt 0:00:07]} Nef6 {[%emt 0:00:02]} 18. Nc5 {[%emt 0:00:12]} Nxe5 {[%emt 0:00:24]} 19. dxe5 {[%emt 0:00:03]} Bxc5+ {[%emt 0:00:01]} 20. Qxc5 {[%emt 0:00:00]} Qxc5+ {[%emt 0:00:01]} 21. Rxc5 {[%emt 0:00:01]} Nd5 {[%emt 0:00:04]} 22. Ba3 {[%emt 0:00:02]} Rfd8 {[%emt 0:00:05]} 23. Rb1 {[%emt 0:00:05]} Nb6 {[%emt 0:00:09]} 24. Bc2 {[%emt 0:00:03]} Kf7 {[%emt 0:00:03]} 25. Bb3 {[%emt 0:00:05]} Bd5 {[%emt 0:00:08]} 26. Rbc1 {[%emt 0:00:10]} Bxb3 {[%emt 0:00:02]} 27. axb3 {[%emt 0:00:09]} Nd5 {[%emt 0:00:02]} 28. Rc6 {[%emt 0:00:06]} Rb8 {[%emt 0:00:01]} 29. Rxa6 {[%emt 0:00:07]} Rxb3 {[%emt 0:00:03]} 30. Ra7 {[%emt 0:00:01]} Kg6 {[%emt 0:00:24]} 31. Rc6 {[%emt 0:00:06]} Re8 {[%emt 0:00:16]} 32. h3 {[%emt 0:00:05]} Re3 {[%emt 0:00:10]} 33. Kf2 {[%emt 0:00:11]} Rd3 {[%emt 0:00:12]} 34. Kg3 {[%emt 0:00:12]} Rd2 {[%emt 0:00:03]} 35. h4 {[%emt 0:00:06]} f4+ {[%emt 0:00:08]} 36. Kh3 {[%emt 0:00:01]} Kf5 {[%emt 0:00:01]} 37. Bc1 {[%emt 0:00:20]} Rd1 {[%emt 0:00:03] Ilja Schneider gibt auf (Lag: Av=0.38s, max=1.0s)} 0-1

[Event "DSIM-Finale"]
[Site "T#645894Emanuel Laske"]
[Date "2020.05.09"]
[Round "11"]
[White "Jonas Eilenberg"]
[Black "Luis Engel"]
[Result "0-1"]
[WhiteElo "1620"]
[BlackElo "1620"]
[Annotator "NA RC"]
[PlyCount "140"]
[EventDate "2020.05.09"]
[EventType "tourn (blitz)"]

1. d4 {[%emt 0:00:02]} Nf6 {[%emt 0:00:01]} 2. Nf3 {[%emt 0:00:02]} d5 {[%emt 0:00:01]} 3. e3 {[%emt 0:00:02]} c5 {[%emt 0:00:01]} 4. c3 {[%emt 0:00:02]} Qc7 {[%emt 0:00:02]} 5. dxc5 {[%emt 0:00:07]} e5 {[%emt 0:00:04]} 6. b4 {[%emt 0:00:08]} a5 {[%emt 0:00:12]} 7. Bb2 {[%emt 0:00:07]} Bg4 {[%emt 0:00:04]} 8. Bb5+ {[%emt 0:00:32]} Nc6 {[%emt 0:00:03]} 9. h3 {[%emt 0:00:08]} Bxf3 {[%emt 0:00:22]} 10. Qxf3 {[%emt 0:00:00]} Be7 {[%emt 0:00:01]} 11. O-O {[%emt 0:00:04]} O-O {[%emt 0:00:02]} 12. Bxc6 {[%emt 0:00:06]} bxc6 {[%emt 0:00:02]} 13. Nd2 {[%emt 0:00:05]} Rab8 {[%emt 0:00:04]} 14. a3 {[%emt 0:00:05]} Bxc5 {[%emt 0:00:02]} 15. Rac1 {[%emt 0:00:20]} e4 {[%emt 0:00:03]} 16. Qe2 {[%emt 0:00:07]} Qe5 {[%emt 0:00:12]} 17. bxc5 {[%emt 0:00:27]} Rxb2 {[%emt 0:00:03]} 18. Nc4 {[%emt 0:00:02]} Rxe2 {[%emt 0:00:07]} 19. Nxe5 {[%emt 0:00:01]} Rc8 {[%emt 0:00:05]} 20. Rb1 {[%emt 0:00:01]} Rc2 {[%emt 0:00:05]} 21. Nxc6 {[%emt 0:00:03]} Kf8 {[%emt 0:00:06]} 22. Nxa5 {[%emt 0:00:10]} Rxc3 {[%emt 0:00:04]} 23. c6 {[%emt 0:00:04]} Rxa3 {[%emt 0:00:02]} 24. Rb5 {[%emt 0:00:04]} Rc3 {[%emt 0:00:09]} 25. Rfb1 {[%emt 0:00:08]} Ke7 {[%emt 0:00:08]} 26. Rb7+ {[%emt 0:00:09]} Ke8 {[%emt 0:00:04]} 27. Rb8 {[%emt 0:00:16]} Rxb8 {[%emt 0:00:20]} 28. Rxb8+ {[%emt 0:00:00]} Ke7 {[%emt 0:00:00]} 29. Rb7+ {[%emt 0:00:04]} Ke6 {[%emt 0:00:02]} 30. Nb3 {[%emt 0:00:21]} Ne8 {[%emt 0:00:01]} 31. Nd4+ {[%emt 0:00:02]} Kf6 {[%emt 0:00:01]} 32. Rb6 {[%emt 0:00:08]} Nc7 {[%emt 0:00:03]} 33. Rb7 {[%emt 0:00:02]} Ne6 {[%emt 0:00:03]} 34. Nxe6 {[%emt 0:00:02]} fxe6 {[%emt 0:00:01]} 35. c7 {[%emt 0:00:01]} h5 {[%emt 0:00:02]} 36. Kh2 {[%emt 0:00:01]} h4 {[%emt 0:00:05]} 37. g3 {[%emt 0:00:03]} g5 {[%emt 0:00:01]} 38. gxh4 {[%emt 0:00:01]} gxh4 {[%emt 0:00:00]} 39. Kg2 {[%emt 0:00:01]} Rc1 {[%emt 0:00:01]} 40. Ra7 {[%emt 0:00:02]} Ke5 {[%emt 0:00:03]} 41. c8=Q {[%emt 0:00:08]} Rxc8 {[%emt 0:00:02]} 42. Rh7 {[%emt 0:00:01] Jonas Eilenberg bietet Remis} Rg8+ {[%emt 0:00:11]} 43. Kf1 {[%emt 0:00:02]} Kf5 {[%emt 0:00:03]} 44. Rxh4 {[%emt 0:00:02]} e5 {[%emt 0:00:00]} 45. Rh5+ {[%emt 0:00:01]} Rg5 {[%emt 0:00:01]} 46. Rh8 {[%emt 0:00:03]} d4 {[%emt 0:00:02]} 47. exd4 {[%emt 0:00:01]} exd4 {[%emt 0:00:00]} 48. Ke2 {[%emt 0:00:01]} Rg2 {[%emt 0:00:03]} 49. Rf8+ {[%emt 0:00:02]} Ke5 {[%emt 0:00:01]} 50. Rh8 {[%emt 0:00:02]} e3 {[%emt 0:00:04]} 51. Rf8 {[%emt 0:00:02]} Rh2 {[%emt 0:00:08]} 52. h4 {[%emt 0:00:05]} Ke4 {[%emt 0:00:04]} 53. Re8+ {[%emt 0:00:02]} Kd5 {[%emt 0:00:01]} 54. Rf8 {[%emt 0:00:01]} exf2 {[%emt 0:00:02]} 55. Rxf2 {[%emt 0:00:02]} Rxh4 {[%emt 0:00:01]} 56. Rf3 {[%emt 0:00:05]} Kc4 {[%emt 0:00:03]} 57. Rf8 {[%emt 0:00:03]} Rh2+ {[%emt 0:00:01]} 58. Kd1 {[%emt 0:00:01]} Kc3 {[%emt 0:00:02]} 59. Rc8+ {[%emt 0:00:02]} Kd3 {[%emt 0:00:01]} 60. Kc1 {[%emt 0:00:01]} Rh1+ {[%emt 0:00:01]} 61. Kb2 {[%emt 0:00:01]} Kd2 {[%emt 0:00:01]} 62. Rg8 {[%emt 0:00:02]} d3 {[%emt 0:00:01]} 63. Rg2+ {[%emt 0:00:01]} Ke3 {[%emt 0:00:01]} 64. Rg3+ {[%emt 0:00:01]} Ke2 {[%emt 0:00:00]} 65. Rg2+ {[%emt 0:00:01]} Kf3 {[%emt 0:00:01]} 66. Rd2 {[%emt 0:00:01]} Ke3 {[%emt 0:00:01]} 67. Rg2 {[%emt 0:00:01]} d2 {[%emt 0:00:01]} 68. Rg3+ {[%emt 0:00:03]} Kf4 {[%emt 0:00:01]} 69. Rd3 {[%emt 0:00:01]} d1=Q {[%emt 0:00:01]} 70. Rxd1 {[%emt 0:00:02]} Rxd1 {[%emt 0:00:00] Jonas Eilenberg gibt auf (Lag: Av=0.80s, max=2.1s)} 0-1

[Event "DSIM-Finale"]
[Site "T#645894Emanuel Laske"]
[Date "2020.05.09"]
[Round "11"]
[White "Matthias Blübaum"]
[Black "Christian Braun"]
[Result "1-0"]
[WhiteElo "1620"]
[BlackElo "2637"]
[Annotator "TA"]
[PlyCount "103"]
[EventDate "2020.05.09"]
[EventType "tourn (blitz)"]

{[%evp 17,103,77,74,70,73,73,65,69,69,63,76,62,89,64,111,70,63,68,60,65,62,49,43,43,91,41,63,47,56,47,49,58,43,34,25,12,13,0,4,-6,-4,-8,0,-27,0,-25,-18,-36,-6,-6,0,-36,0,0,0,-6,0,0,0,-9,0,-21,0,0,0,-22,-15,-29,-29,-75,-29,-30,87,0,0,0,441,443,419,402,362,86,12843,9448,29987,29988,29987,29988]} 1. d4 g6 2. c4 Bg7 3. e4 d6 4. Nc3 Nc6 5. d5 Nd4 6. Be3 c5 7. Nge2 Qb6 8. Na4 Qa5+ 9. Bd2 Qc7 10. Bc3 {[%cal Re2d4] A42: Modern Defence: Averbakh Variation.} e5 11. dxe6 $1 Nxe6 12. Bxg7 {White is slightly better.} Nxg7 13. Nac3 Nf6 14. Nf4 Be6 15. Be2 {[#]} O-O $146 ({Predecessor:} 15... a6 16. O-O O-O 17. Qd2 Rfd8 18. Rad1 Rab8 19. b3 Qe7 20. Rfe1 Nge8 21. Bf1 Nc7 {1-0 (28) Farago,I (2495)-Remmler,H Badenweiler 1985}) 16. O-O Bd7 17. Qd2 Bc6 18. f3 Ne6 19. Rfd1 Rad8 20. Bf1 Nd4 21. Nce2 Ne6 22. Nd5 Bxd5 $1 23. cxd5 Ng7 24. b4 Nd7 25. bxc5 (25. Rab1 {keeps more tension.} Rc8 26. bxc5 Nxc5 27. Re1 Rce8 28. Rec1) 25... Nxc5 26. Nd4 f5 27. exf5 Nxf5 28. Nxf5 Rxf5 29. Re1 Rf7 30. Qe3 Rdd7 31. h4 Rde7 32. Qg5 Rxe1 33. Rxe1 {Hoping for h5.} Rf5 34. Qh6 {Intending Re8+ and mate.} Qg7 35. Re8+ Rf8 36. Qe3 Rxe8 37. Qxe8+ Qf8 38. Qe3 Qf6 39. h5 g5 40. g3 Kf7 41. a3 (41. Kh2 {looks sharper.} Qf5 42. Bb5 Qc2+ 43. Kh3 Qf5+ 44. Kh2) 41... Qe5 42. Qxe5 dxe5 $11 {[%mdl 4096] Endgame KB-KN} 43. Kf2 Ke7 44. h6 e4 {[#]} (44... Nd7 $11 {remains equal.}) 45. f4 (45. Bh3 $1 $16) 45... gxf4 46. gxf4 {Threatens to win with Bh3.} Kd6 $2 {[%mdl 8192] [#]} (46... Nd7 $1 $11 {and Black has nothing to worry.}) 47. Bh3 $1 $18 Kxd5 48. Bf5 Ne6 49. Ke3 $2 (49. Bxh7 $18 {Strongly threatening Bg8.} Nxf4 50. Bf5 Nd3+ 51. Ke3) 49... Nd8 $2 {[%mdl 8192]} (49... Nf8 $16) 50. Bxh7 Nf7 {[#]} 51. Bg8 $1 {[%mdl 512]} Ke6 52. h7 {Accuracy: White = 70%, Black = 61%.} 1-0